[Event "World Rapid Team 2023"]
[Site "Dusseldorf GER"]
[Date "2023.08.26"]
[Round "4.11"]
[Board "1"]
[White "Dyachuk, Artem"]
[Black "Baklan, Vladimir"]
[Result "0-1"]
[WhiteTitle "FM"]
[BlackTitle "GM"]
[WhiteElo "2242"]
[BlackElo "2550"]
[WhiteTeam "Chess Wizzards"]
[BlackTeam "Ukrainian Amators"]
[WhiteFideId "34107924"]
[BlackFideId "14102196"]
[EventDate "2023.08.26"]

1. e4 e6 2. d4 d5 3. e5 c5 4. c3 Nc6 5. Nf3 Bd7 6. Be2 Nge7 7. h4 Rc8 8. h5 cxd4
9. cxd4 Nf5 10. Nc3 Qb6 11. Na4 Qa5+ 12. Bd2 Bb4 13. Nc3 Ncxd4 14. Nxd4 Nxd4 15.
Bd3 Nc6 16. f4 h6 17. Qg4 O-O 18. a3 d4 19. Rh3 Kh8 20. Qe2 dxc3 21. Qe4 cxd2+
22. Kf2 f5 23. exf6 Qf5 24. fxg7+ Kxg7 25. Rg3+ Kh8 26. Rg8+ 0-1

[Event "World Rapid Team 2023"]
[Site "Dusseldorf GER"]
[Date "2023.08.26"]
[Round "4.11"]
[Board "2"]
[White "Zavgorodniy, Sergiy"]
[Black "Nechitaylo, Nikita"]
[Result "1-0"]
[WhiteTitle "IM"]
[WhiteElo "2416"]
[BlackElo "2116"]
[WhiteTeam "Ukrainian Amators"]
[BlackTeam "Chess Wizzards"]
[WhiteFideId "14110148"]
[BlackFideId "34138161"]
[EventDate "2023.08.26"]

1. e4 c5 2. Nf3 Nc6 3. Bb5 g6 4. O-O Bg7 5. c3 e5 6. Bxc6 dxc6 7. Qe2 Qe7 8. a3
a5 9. d3 Nh6 10. Nbd2 Be6 11. Nc4 Bxc4 12. dxc4 f6 13. Be3 O-O 14. h3 Nf7 15.
Ne1 a4 16. Rd1 b6 17. Qc2 Nd6 18. b3 Qe6 19. bxa4 Nxc4 20. Qb3 Rfe8 21. Bc1 Ra6
22. Nd3 Nd6 23. Qc2 Nxe4 24. Rfe1 Nd6 25. Nb2 Nc4 26. Nxc4 Qxc4 27. Re4 Qe6 28.
Re3 c4 29. Re2 Qf5 30. Re4 Bf8 31. g4 Qe6 32. f4 Bc5+ 33. Kh1 Raa8 34. fxe5 fxe5
35. Rde1 Qf6 36. Qe2 Rxa4 37. Rf1 Qe6 38. Bf4 Bd6 39. Bg5 Rxa3 40. Rxc4 Qd5+ 41.
Kg1 Bc5+ 42. Kh2 b5 43. Rxc5 Qxc5 44. Qf3 Qd5 45. Qf6 Ra2+ 46. Kg3 Qe6 47. Qf3
e4 48. Qe3 Qd6+ 49. Kh4 Rd2 50. Qxd2 Qxd2 51. Bxd2 Rd8 52. Bg5 Re8 53. Kg3 c5
54. Be3 b4 55. c4 b3 56. Rb1 Rb8 57. Bxc5 Rc8 58. Be3 Rxc4 59. Rxb3 h5 60. g5
Rc6 61. Rb6 Rc3 62. Rxg6+ Kf7 63. Rf6+ Ke7 64. Kf4 Ra3 65. Rh6 Ra1 66. Rxh5 Ke6
67. Kxe4 Ra4+ 68. Bd4 Kf7 69. Rh6 Ra5 70. h4 Ra2 71. Be5 Re2+ 72. Kf5 Rf2+ 73.
Bf4 Ra2 74. Rh7+ Kg8 75. Rb7 Ra5+ 76. Be5 Ra6 77. h5 Rc6 78. h6 Rc1 79. h7+ Kf8
80. h8=Q# 1-0

[Event "World Rapid Team 2023"]
[Site "Dusseldorf GER"]
[Date "2023.08.26"]
[Round "4.11"]
[Board "3"]
[White "Korchynskyi, Mykola"]
[Black "Grineva, Marianna"]
[Result "1-0"]
[BlackTitle "WFM"]
[WhiteElo "2016"]
[BlackElo "2033"]
[WhiteTeam "Chess Wizzards"]
[BlackTeam "Ukrainian Amators"]
[WhiteFideId "34138005"]
[BlackFideId "14102013"]
[EventDate "2023.08.26"]

1. d4 f5 2. c4 Nf6 3. Nc3 g6 4. Bf4 Bg7 5. e3 d6 6. Nf3 O-O 7. Be2 a5 8. O-O Qe8
9. h3 c6 10. Qc2 Na6 11. a3 Nh5 12. Bh2 e5 13. dxe5 dxe5 14. Rad1 f4 15. exf4
Nxf4 16. Bxf4 Rxf4 17. Rfe1 Nc5 18. b4 axb4 19. axb4 Na6 20. b5 Nc5 21. Qd2 Be6
22. Qe3 Nd7 23. Ne4 Qe7 24. Bf1 Raf8 25. Neg5 h6 26. Nxe6 Qxe6 27. c5 Kh7 28.
Rd6 Qe8 29. Bd3 R4f6 30. h4 Rxd6 31. cxd6 Kh8 32. h5 Rf6 33. Bxg6 Rxg6 34. hxg6
Qxg6 35. bxc6 bxc6 36. Rd1 Qg4 37. Rb1 c5 38. Nd2 c4 39. Qe4 Qxe4 40. Nxe4 Kg8
41. Rb7 Nf8 42. d7 1-0

[Event "World Rapid Team 2023"]
[Site "Dusseldorf GER"]
[Date "2023.08.26"]
[Round "4.11"]
[Board "4"]
[White "Schnellbacher, Jan Eric"]
[Black "Kliashtornyi, Arkadii"]
[Result "0-1"]
[WhiteElo "1980"]
[BlackElo "1975"]
[WhiteTeam "Ukrainian Amators"]
[BlackTeam "Chess Wizzards"]
[WhiteFideId "16234022"]
[BlackFideId "34119698"]
[EventDate "2023.08.26"]

1. e4 c6 2. Nf3 d5 3. d3 dxe4 4. Ng5 exd3 5. Bxd3 Qa5+ 6. Nc3 Nf6 7. O-O e6 8.
Bd2 Qc7 9. Re1 Bd6 10. g3 O-O 11. Nce4 Nbd7 12. Qf3 h6 13. Nxd6 Qxd6 14. Ne4
Nxe4 15. Qxe4 Nf6 16. Qh4 Qe7 17. Rad1 b6 18. a3 Bb7 19. Bc3 Rfd8 20. Rd2 Rd5
21. Bc4 Rxd2 22. Bxd2 Rd8 23. Bc3 c5 24. Bf1 Bd5 25. Qa4 Qb7 26. Bxf6 gxf6 27.
Qh4 Kg7 28. Qg4+ Kh7 29. Qf4 f5 30. c3 Be4 31. Qc1 Qd5 32. Qe3 Qd2 33. b4 Qxe3
34. fxe3 Rd2 35. Re2 Rd1 36. Kf2 Rc1 37. Rd2 Rxc3 38. Rd7 Rxa3 39. bxc5 bxc5 40.
Rxf7+ Kg6 41. Rc7 Ra2+ 42. Ke1 Rxh2 43. Rxa7 Bd5 44. Rc7 c4 45. Rc8 Rc2 46. Kd1
Rf2 47. Bxc4 Bxc4 48. Rxc4 Rf3 49. Ke2 Rxg3 50. Rc8 Rg4 51. Kf3 Kf6 52. Rh8 Rh4
53. Kg3 Rh1 54. Kg2 Rh5 55. Kg3 Ke5 56. Ra8 Ke4 57. Kf2 Rh2+ 58. Kg3 Re2 59.
Ra4+ Kxe3 60. Rh4 f4+ 61. Rxf4 Rg2+ 62. Kxg2 Kxf4 0-1

[Event "World Rapid Team 2023"]
[Site "Dusseldorf GER"]
[Date "2023.08.26"]
[Round "4.11"]
[Board "5"]
[White "Tarasenko, Nazar"]
[Black "Breest, Axel"]
[Result "1/2-1/2"]
[WhiteElo "1888"]
[BlackElo "1979"]
[WhiteTeam "Chess Wizzards"]
[BlackTeam "Ukrainian Amators"]
[WhiteFideId "34161430"]
[BlackFideId "24682349"]
[EventDate "2023.08.26"]

1. d4 Nf6 2. c4 c5 3. d5 b5 4. cxb5 e6 5. Nc3 exd5 6. Nxd5 Bb7 7. Nxf6+ Qxf6 8.
Nf3 Be7 9. g3 h6 10. Bg2 O-O 11. O-O a6 12. bxa6 Rxa6 13. Bf4 d5 14. Qc2 Nc6 15.
Qb3 Na5 16. Qc2 Rc8 17. Ne5 g5 18. Ng4 Qe6 19. Bh3 gxf4 20. gxf4 h5 21. f5 Qe4
22. Qxe4 dxe4 23. Ne5 Bf6 24. Nd7 Kh7 25. Rac1 Rg8+ 26. Kh1 e3+ 27. f3 Bd4 28.
Nxc5 Bxc5 29. Rxc5 Nc6 30. Rc3 Rxa2 31. Rxe3 Rxb2 32. Rd1 f6 33. Bg2 Ne5 34. h3
Rg7 35. Rg1 Nc4 36. Rc3 Ne5 37. Re3 Nc4 38. Rc3 Ne5 1/2-1/2

[Event "World Rapid Team 2023"]
[Site "Dusseldorf GER"]
[Date "2023.08.26"]
[Round "4.11"]
[Board "6"]
[White "Vibhor Sharma"]
[Black "Hladeniuk, Yelyzaveta"]
[Result "1-0"]
[WhiteElo "1853"]
[BlackElo "1362"]
[WhiteTeam "Ukrainian Amators"]
[BlackTeam "Chess Wizzards"]
[WhiteFideId "5099366"]
[BlackFideId "34176128"]
[EventDate "2023.08.26"]

1. e4 c6 2. d3 d5 3. Nd2 e6 4. g3 Bc5 5. Bg2 Ne7 6. Ngf3 O-O 7. O-O Nd7 8. Qe2
Ng6 9. h4 Nge5 10. Nxe5 Nxe5 11. exd5 Nd7 12. dxc6 bxc6 13. Bxc6 Rb8 14. Nb3 Bd6
15. Bg2 Bb7 16. Bd2 Bxg2 17. Kxg2 Qc7 18. Bc3 Bb4 19. Bxb4 Rxb4 20. c3 Rbb8 21.
d4 Rfe8 22. Rad1 Nf6 23. Qf3 a5 24. Rd2 Nd7 25. d5 exd5 26. Qxd5 Nf6 27. Qf3
Rbd8 28. Rfd1 Rxd2 29. Rxd2 h6 30. Nd4 Re1 31. Rd1 Rxd1 32. Qxd1 Qb7+ 33. Kg1
Qxb2 34. Qc2 Qa1+ 35. Kg2 Qe1 36. c4 Qb4 37. Qd3 Qc5 38. Nb3 Qc6+ 39. Kg1 a4 40.
Nd2 Nd7 41. Nf3 Nb6 42. Ne5 Qc5 43. Qd8+ Kh7 44. Nxf7 Nxc4 45. Qh8+ Kg6 46. Qe8
Kh7 47. Qe4+ Kg8 48. Qe6 Kh7 49. h5 Qxh5 50. Qxc4 Qd1+ 51. Kg2 Qh5 52. Qe4+ Kg8
53. Ne5 Qe8 54. Qd5+ Kh7 55. Nd3 Qg6 56. Nf4 Qe8 57. Qe6 Qa8+ 58. Kg1 Qb8 59.
Qe4+ Kg8 60. Qxa4 Qb1+ 61. Kg2 Qb7+ 62. Kh2 Qb6 63. Qc4+ Kh7 64. Qd3+ Kg8 65.
Qb3+ Qxb3 66. axb3 Kf7 67. Kg2 g5 68. Nd3 Ke6 69. Kf3 h5 70. Nf4+ gxf4 71. Kxf4
Kd5 1-0

[Event "World Rapid Team 2023"]
[Site "Dusseldorf GER"]
[Date "2023.08.26"]
[Round "4.12"]
[Board "2"]
[White "Bellahcene, Bilel"]
[Black "Katz, Roland"]
[Result "1-0"]
[WhiteTitle "GM"]
[WhiteElo "2515"]
[BlackElo "2035"]
[WhiteTeam "Africa"]
[BlackTeam "MagdeBurg and Friends"]
[WhiteFideId "696358"]
[BlackFideId "4623916"]
[EventDate "2023.08.26"]

1. e4 c6 2. d4 d5 3. Nc3 dxe4 4. Nxe4 Bf5 5. Ng3 Bg6 6. h4 h6 7. Nf3 Nd7 8. Bd3
Bxd3 9. Qxd3 e6 10. Bf4 Qa5+ 11. Bd2 Qc7 12. Ne4 Ngf6 13. O-O-O O-O-O 14. h5 Bd6
15. Nxd6+ Qxd6 16. Rh4 Rhe8 17. Bf4 Qd5 18. Qa3 a6 19. Rdh1 Nb6 20. Kb1 Ne4 21.
Qb4 Qb5 22. Qxb5 axb5 23. Bxh6 Nxf2 24. Bxg7 Nxh1 25. Rxh1 Rg8 26. h6 Nd5 27.
Ng5 Rxg7 28. hxg7 Nf6 29. Rf1 Rxd4 30. c3 Rg4 31. Rxf6 Rxg5 32. Rxf7 1-0

[Event "World Rapid Team 2023"]
[Site "Dusseldorf GER"]
[Date "2023.08.26"]
[Round "4.12"]
[Board "3"]
[White "Berndt, Matthias"]
[Black "Solomon, Kenny"]
[Result "0-1"]
[BlackTitle "GM"]
[WhiteElo "2072"]
[BlackElo "2324"]
[WhiteTeam "MagdeBurg and Friends"]
[BlackTeam "Africa"]
[WhiteFideId "4622839"]
[BlackFideId "14300192"]
[EventDate "2023.08.26"]

1. e4 c5 2. Nc3 Nc6 3. g3 g6 4. Bg2 Bg7 5. d3 d6 6. Be3 Rb8 7. Qd2 h5 8. f4 h4
9. Nf3 h3 10. Bf1 b5 11. Nd1 Nd4 12. Bxd4 cxd4 13. Nf2 e5 14. Ng5 f6 15. Ngxh3
Ne7 16. Ng1 d5 17. Bg2 Bh6 18. Ne2 O-O 19. O-O Be6 20. Rfd1 f5 21. c3 dxc3 22.
bxc3 Qb6 23. exf5 Nxf5 24. d4 e4 25. Ng4 Bg7 26. Ne5 Kh7 27. g4 Nh4 28. Qe1 g5
29. Qg3 Bxe5 30. fxe5 Nf3+ 31. Kh1 Qc7 32. Rf1 Nh4 33. Qe3 Qg7 34. h3 Kh8 35.
Ng3 Qg6 36. Nh5 Rbc8 37. Rf6 Rxf6 38. Nxf6 Qh6 39. Kg1 Ng6 40. a4 b4 41. cxb4
Nf4 42. Rc1 Rxc1+ 43. Qxc1 Ne2+ 0-1

[Event "World Rapid Team 2023"]
[Site "Dusseldorf GER"]
[Date "2023.08.26"]
[Round "4.12"]
[Board "4"]
[White "Moueden, Mohamed Amine"]
[Black "Domsgen, Bernd"]
[Result "1-0"]
[WhiteElo "1953"]
[BlackElo "1917"]
[WhiteTeam "Africa"]
[BlackTeam "MagdeBurg and Friends"]
[WhiteFideId "7902018"]
[BlackFideId "24629073"]
[EventDate "2023.08.26"]

1. e4 c5 2. Nf3 Nc6 3. d4 cxd4 4. Nxd4 d6 5. Nc3 g6 6. Bc4 Bg7 7. Be3 Nf6 8. h3
O-O 9. Qd2 a6 10. a4 Na5 11. Ba2 Bd7 12. O-O Bc6 13. f3 Bd7 14. Qf2 Rc8 15. Kh1
Nc4 16. Bxc4 Rxc4 17. Nde2 b5 18. axb5 axb5 19. Bb6 Qc8 20. Nf4 e6 21. Rfc1 b4
22. Na4 Ne8 23. Nd3 Bb5 24. Be3 Qd7 25. Nb6 Qb7 26. Nxc4 Bxc4 27. Ra4 d5 28.
Rxb4 Qc6 29. exd5 exd5 30. Ra1 Nc7 31. Rb6 Qd7 32. Ra7 Bxd3 33. cxd3 1-0

[Event "World Rapid Team 2023"]
[Site "Dusseldorf GER"]
[Date "2023.08.26"]
[Round "4.12"]
[Board "5"]
[White "Schuster, Rebekka"]
[Black "February, Jesse Nikki"]
[Result "1/2-1/2"]
[BlackTitle "WIM"]
[WhiteElo "1807"]
[BlackElo "1849"]
[WhiteTeam "MagdeBurg and Friends"]
[BlackTeam "Africa"]
[WhiteFideId "24674095"]
[BlackFideId "14312336"]
[EventDate "2023.08.26"]

1. e4 e6 2. d4 d5 3. exd5 exd5 4. Bd3 Bd6 5. Nf3 Bg4 6. O-O Nc6 7. c3 Nge7 8.
Bg5 f6 9. Bh4 Qd7 10. b4 O-O-O 11. a4 Nf5 12. Bg3 h5 13. Bxd6 Nxd6 14. Nbd2 Rde8
15. Qb3 Ne4 16. a5 g5 17. b5 Nb8 18. c4 Bxf3 19. Nxf3 g4 20. Nh4 dxc4 21. Qxc4
Qd6 22. Rfc1 Nd7 23. Rc2 Kb8 24. Rac1 Ng5 25. Qxc7+ Qxc7 26. Rxc7 Nf8 27. a6
bxa6 28. bxa6 Nfe6 29. Rb7+ Ka8 30. d5 Nd4 31. g3 Rc8 32. Rcc7 Rxc7 33. Rxc7 1/2-1/2

[Event "World Rapid Team 2023"]
[Site "Dusseldorf GER"]
[Date "2023.08.26"]
[Round "4.12"]
[Board "6"]
[White "Odiah, Isaac Babu"]
[Black "Meffert, Claudia"]
[Result "1/2-1/2"]
[WhiteElo "1893"]
[BlackElo "1733"]
[WhiteTeam "Africa"]
[BlackTeam "MagdeBurg and Friends"]
[WhiteFideId "10800549"]
[BlackFideId "12961515"]
[EventDate "2023.08.26"]

1. d4 d5 2. c4 e6 3. cxd5 exd5 4. Nc3 Nf6 5. Bg5 Be7 6. Nf3 O-O 7. e3 Be6 8. Bd3
Nbd7 9. Bc2 h6 10. Bh4 Rc8 11. Qd3 c6 12. Ne5 Re8 13. Nxd7 Qxd7 14. Bxf6 Bxf6
15. Qh7+ Kf8 16. O-O Ke7 17. Qd3 g5 18. Rfe1 Rh8 19. e4 Kf8 20. exd5 cxd5 21.
Ne2 h5 22. Ng3 Qc7 23. Rac1 Qf4 24. Nf5 Bxf5 25. Qxf5 Qxf5 26. Bxf5 Rxc1 27.
Rxc1 Bxd4 28. Rc8+ Kg7 29. Rxh8 Kxh8 30. b3 Kg7 31. Kf1 Kf6 32. Bc8 b6 33. f3
Ke5 34. Ke2 Bc5 35. Kd3 Bg1 36. h3 Kf4 37. Ke2 d4 38. Ba6 Kg3 39. Kf1 Be3 40.
Bd3 Kf4 1/2-1/2

[Event "World Rapid Team 2023"]
[Site "Dusseldorf GER"]
[Date "2023.08.26"]
[Round "4.13"]
[Board "1"]
[White "Rendle, Thomas E"]
[Black "Bologan, Victor"]
[Result "1/2-1/2"]
[WhiteTitle "IM"]
[BlackTitle "GM"]
[WhiteElo "2385"]
[BlackElo "2574"]
[WhiteTeam "The Sharks"]
[BlackTeam "FIDE Management Board"]
[WhiteFideId "408760"]
[BlackFideId "13900048"]
[EventDate "2023.08.26"]

1. d4 d6 2. Nf3 Nf6 3. g3 g6 4. Bg2 Bg7 5. O-O O-O 6. c4 Nc6 7. Nc3 a6 8. b3 Rb8
9. d5 Na5 10. Bg5 c5 11. dxc6 bxc6 12. Rc1 c5 13. Nd5 Nxd5 14. cxd5 h6 15. Bd2
e5 16. dxe6 Bxe6 17. Bc3 Bxc3 18. Rxc3 Qf6 19. Rc1 Nb7 20. Qd2 Kg7 21. Rfd1 Rfe8
22. Qc3 d5 23. Qxf6+ Kxf6 24. Ne1 Bg4 25. Rxd5 Rxe2 26. Nc2 Be6 27. Rd3 c4 28.
bxc4 Nc5 29. Rf3+ Kg7 30. a3 Nb3 31. Rxb3 Rxc2 32. Rxc2 Rxb3 33. h4 Rxa3 34. c5
Kf6 35. c6 Ke7 36. c7 Bc8 37. Kh2 Kd6 38. Bh3 f5 39. Bg2 Kd7 40. f4 Rd3 41. Bh3
h5 42. Bg2 Rd6 43. Bf3 a5 44. Be2 Rd5 45. Bc4 Rd6 46. Bb5+ Ke7 47. Re2+ Re6 48.
Ra2 Kd6 49. Rxa5 1/2-1/2

[Event "World Rapid Team 2023"]
[Site "Dusseldorf GER"]
[Date "2023.08.26"]
[Round "4.13"]
[Board "2"]
[White "Short, Nigel D"]
[Black "Roberson, Peter T"]
[Result "1/2-1/2"]
[WhiteTitle "GM"]
[BlackTitle "IM"]
[WhiteElo "2592"]
[BlackElo "2433"]
[WhiteTeam "FIDE Management Board"]
[BlackTeam "The Sharks"]
[WhiteFideId "400025"]
[BlackFideId "412384"]
[EventDate "2023.08.26"]

1. e4 e6 2. d4 d5 3. Nc3 Nf6 4. e5 Nfd7 5. Nce2 c5 6. c3 Nc6 7. f4 Be7 8. Nf3
O-O 9. h4 f6 10. Rh3 b5 11. a3 a5 12. Ng3 cxd4 13. cxd4 b4 14. Bd3 h6 15. Be3
bxa3 16. bxa3 Ba6 17. Ne2 Nb6 18. Bxa6 Rxa6 19. Qd3 Nc4 20. Nd2 fxe5 21. dxe5
Bxh4+ 22. g3 Be7 23. Rxh6 Rf5 24. Rxe6 Nxe3 25. Qxa6 Nc2+ 26. Kf1 Nxa1 27. Rxc6
Bf8 28. Rc1 Qe8 29. Rxa1 Qxe5 30. Rd1 Qe3 31. Qc8 Rh5 32. Qc3 Rh1+ 33. Kg2 Qxe2+
34. Kxh1 Qxd1+ 35. Kg2 Qe2+ 36. Kh3 Qh5+ 37. Kg2 Qe2+ 38. Kh3 Qe6+ 39. Kg2 Bxa3
40. Qxa5 Qe2+ 41. Kh3 Qh5+ 42. Kg2 Qe2+ 43. Kh3 Qh5+ 44. Kg2 Qe2+ 1/2-1/2

[Event "World Rapid Team 2023"]
[Site "Dusseldorf GER"]
[Date "2023.08.26"]
[Round "4.13"]
[Board "3"]
[White "Moreby, James"]
[Black "Al-Mudahka, Mohd"]
[Result "1-0"]
[WhiteTitle "FM"]
[BlackTitle "GM"]
[WhiteElo "2279"]
[BlackElo "2542"]
[WhiteTeam "The Sharks"]
[BlackTeam "FIDE Management Board"]
[WhiteFideId "427756"]
[BlackFideId "12100030"]
[EventDate "2023.08.26"]

1. c4 Nf6 2. Nc3 g6 3. e4 d6 4. d4 Bg7 5. Be2 O-O 6. Be3 e5 7. d5 Nbd7 8. g4 Nc5
9. f3 a5 10. h4 c6 11. h5 cxd5 12. cxd5 a4 13. Qd2 Qa5 14. Nb5 Rd8 15. Qxa5 Rxa5
16. Rc1 Bf8 17. Bd2 Ra8 18. Nh3 Bd7 19. Nf2 Rdc8 20. hxg6 hxg6 21. Kf1 Be7 22.
Nd1 Ncxe4 23. fxe4 Nxe4 24. Rxc8+ Rxc8 25. Be1 Rc2 26. Na3 Rc1 27. Kg2 Nf6 28.
Ne3 Ne4 29. Rf1 Bg5 30. Kf3 Nf6 31. Nac4 e4+ 32. Kg3 b5 33. Bd2 Rxf1 34. Nxf1 e3
35. Bxe3 Ne4+ 36. Kf3 Bxg4+ 37. Kxg4 f5+ 38. Kf3 bxc4 39. Bxc4 Bf6 40. b4 axb3
41. axb3 g5 42. b4 Kf7 43. b5 g4+ 44. Kg2 Be5 45. b6 Nc5 46. Bb5 f4 47. Bf2 f3+
48. Kg1 Ne4 49. b7 Nxf2 50. Kxf2 Bd4+ 51. Kg3 Ba7 52. Kxg4 f2 53. Kf3 Kf6 54.
Kf4 Ke7 55. Nd2 Kd8 56. Kf3 Kc7 57. Bc6 Bb6 58. Ke2 1-0

[Event "World Rapid Team 2023"]
[Site "Dusseldorf GER"]
[Date "2023.08.26"]
[Round "4.13"]
[Board "4"]
[White "Iashvili, Akaki"]
[Black "Purton, Ben J"]
[Result "1/2-1/2"]
[WhiteTitle "IM"]
[WhiteElo "2342"]
[BlackElo "2163"]
[WhiteTeam "FIDE Management Board"]
[BlackTeam "The Sharks"]
[WhiteFideId "13600281"]
[BlackFideId "411132"]
[EventDate "2023.08.26"]

1. d4 Nf6 2. c4 g6 3. Nc3 d5 4. cxd5 Nxd5 5. e4 Nxc3 6. bxc3 Bg7 7. Nf3 c5 8.
Rb1 O-O 9. Be2 Nc6 10. d5 Bxc3+ 11. Bd2 Bxd2+ 12. Qxd2 Nd4 13. Nxd4 cxd4 14.
Qxd4 Qa5+ 15. Qd2 Qxd2+ 16. Kxd2 Rd8 17. Ke1 1/2-1/2

[Event "World Rapid Team 2023"]
[Site "Dusseldorf GER"]
[Date "2023.08.26"]
[Round "4.12"]
[Board "1"]
[White "Shamsi, Mohammadhossein"]
[Black "Perossa, Nicolas"]
[Result "0-1"]
[WhiteTitle "CM"]
[WhiteElo "2217"]
[BlackElo "2265"]
[WhiteTeam "PhileKhoob Chess Club"]
[BlackTeam "Mitropa Chess Association"]
[WhiteFideId "12507326"]
[BlackFideId "2850520"]
[EventDate "2023.08.26"]

1. Nf3 Nf6 2. c4 g6 3. b3 Bg7 4. Bb2 O-O 5. g3 d6 6. Bg2 Nbd7 7. d4 a5 8. a3 e5
9. dxe5 Ng4 10. O-O Ngxe5 11. Qc2 Nxf3+ 12. Bxf3 Ne5 13. Bg2 Be6 14. Nd2 Bf5 15.
e4 Bd7 16. Rad1 Qe7 17. h3 Bc6 18. Rfe1 f6 19. Nf1 Qf7 20. Ne3 Rae8 21. Nd5 g5
22. Ne3 Bd7 23. Nf5 a4 24. Bxe5 Rxe5 25. b4 Kh8 26. Qd3 Rfe8 27. Kf1 Be6 28. Rc1
b5 29. cxb5 Bd7 30. Nd4 g4 31. hxg4 Bxg4 32. f4 Rh5 33. Kf2 Rh2 34. Rh1 Rxh1 35.
Rxh1 f5 36. Nxf5 Qa2+ 37. Kg1 Bxf5 38. exf5 Re2 39. Bf1 Rd2 0-1

[Event "World Rapid Team 2023"]
[Site "Dusseldorf GER"]
[Date "2023.08.26"]
[Round "4.12"]
[Board "2"]
[White "Bordin, Silvia"]
[Black "Juegel, Marcel"]
[Result "1-0"]
[WhiteElo "1933"]
[BlackElo "2164"]
[WhiteTeam "Mitropa Chess Association"]
[BlackTeam "PhileKhoob Chess Club"]
[WhiteFideId "2837612"]
[BlackFideId "24621625"]
[EventDate "2023.08.26"]

1. e4 e6 2. d4 b6 3. Nc3 Bb7 4. a3 Nf6 5. Bd3 c5 6. Nf3 cxd4 7. Nxd4 Nc6 8. Nf3
Qb8 9. Bg5 Bc5 10. Qd2 Nh5 11. Bc4 Ne5 12. Nxe5 Qxe5 13. O-O-O Bc6 14. f4 Qc7
15. Rhf1 h6 16. Bh4 a6 17. e5 b5 18. Bd3 g5 19. fxg5 Qxe5 20. Rde1 Qxh2 21. Bf2
Be7 22. Rh1 Qxg2 23. Rxh5 Bf3 24. Rxh6 Rg8 25. Be3 Qxd2+ 26. Kxd2 Bxg5 27. Bxg5
Rxg5 28. Ne4 Rg2+ 29. Kc1 Ke7 30. Nd2 Bd5 31. Rh7 Rag8 32. Be4 Bxe4 33. Nxe4 Rc8
34. Nc3 d5 35. Nxd5+ Kf8 36. Rh8+ Kg7 37. Rxc8 exd5 38. Rd8 1-0

[Event "World Rapid Team 2023"]
[Site "Dusseldorf GER"]
[Date "2023.08.26"]
[Round "4.12"]
[Board "4"]
[White "Peglau, Charis"]
[Black "Bahmani, Koorosh"]
[Result "1-0"]
[WhiteTitle "WFM"]
[WhiteElo "2094"]
[BlackElo "1873"]
[WhiteTeam "Mitropa Chess Association"]
[BlackTeam "PhileKhoob Chess Club"]
[WhiteFideId "16219996"]
[BlackFideId "42576750"]
[EventDate "2023.08.26"]

1. Nf3 Nf6 2. e3 g6 3. b3 Bg7 4. Bb2 O-O 5. Be2 c5 6. O-O Nc6 7. c4 d5 8. cxd5
Nxd5 9. Bxg7 Kxg7 10. d4 e6 11. dxc5 Qf6 12. Na3 Rd8 13. Qc2 e5 14. Rfd1 e4 15.
Nd4 Bf5 16. Nxc6 Qxc6 17. Qb2+ Kg8 18. Rac1 Nb4 19. Rxd8+ Rxd8 20. Nb5 Nd3 21.
Bxd3 Rxd3 22. Nd4 Qxc5 23. Nxf5 Qxf5 24. h3 Qd7 25. Qe5 Rd1+ 26. Rxd1 Qxd1+ 27.
Kh2 Qc2 28. Qb8+ Kg7 29. Qxb7 Qxf2 30. Qxa7 h5 31. Qd4+ Kh7 32. Qxe4 Qxa2 33. b4
Qb3 34. Qf4 f5 35. Qd4 Qa4 36. Qc5 Qa8 37. Qc7+ Kg8 38. b5 f4 39. exf4 h4 40. b6
Qa3 41. f5 g5 42. b7 1-0

[Event "World Rapid Team 2023"]
[Site "Dusseldorf GER"]
[Date "2023.08.26"]
[Round "4.12"]
[Board "5"]
[White "Shahsanam, Alireza"]
[Black "Peglau, Dora"]
[Result "1-0"]
[WhiteElo "1782"]
[BlackElo "2052"]
[WhiteTeam "PhileKhoob Chess Club"]
[BlackTeam "Mitropa Chess Association"]
[WhiteFideId "12517887"]
[BlackFideId "16220005"]
[EventDate "2023.08.26"]

1. e4 c6 2. d4 d5 3. e5 c5 4. dxc5 Nc6 5. Nf3 e6 6. Be3 Nh6 7. c3 Ng4 8. Bd4 Qc7
9. Bb5 Bd7 10. Qe2 a6 11. Bd3 Be7 12. O-O h5 13. h3 Nh6 14. Na3 Nf5 15. Nc2 g5
16. Nh2 O-O-O 17. b4 Rdg8 18. a4 f6 19. Bxf5 fxe5 20. b5 Nxd4 21. cxd4 a5 22. b6
Qb8 23. Bd3 exd4 24. Nxd4 g4 25. c6 bxc6 26. Nxe6 Bxe6 27. Qxe6+ Kd8 28. Bf5 Ke8
29. Rfe1 Rg7 30. hxg4 hxg4 31. Nxg4 Kf8 32. Ne5 Bc5 33. b7 Qxb7 34. Qf6+ Rf7 35.
Qxh8+ Ke7 36. Nxf7+ Kxf7 37. Qh7+ 1-0

[Event "World Rapid Team 2023"]
[Site "Dusseldorf GER"]
[Date "2023.08.26"]
[Round "4.12"]
[Board "6"]
[White "Peglau, Paul David"]
[Black "Farahani, Ali"]
[Result "1-0"]
[WhiteElo "1768"]
[BlackElo "1262"]
[WhiteTeam "Mitropa Chess Association"]
[BlackTeam "PhileKhoob Chess Club"]
[WhiteFideId "16290550"]
[BlackFideId "42556627"]
[EventDate "2023.08.26"]

1. c4 e6 2. Nc3 d5 3. d4 Nf6 4. Nf3 Bb4 5. Bg5 Bxc3+ 6. bxc3 Nbd7 7. e3 O-O 8.
Bd3 b6 9. cxd5 exd5 10. O-O h6 11. Bh4 Qe8 12. Bg3 Bb7 13. Bxc7 Qc8 14. Bd6 Re8
15. Rc1 Ne4 16. Bf4 Ndf6 17. c4 Re7 18. cxd5 Bxd5 19. Rxc8+ Rxc8 20. Be5 Ng4 21.
Bxe4 Bxe4 22. h3 Nxe5 23. Nxe5 Rd8 24. Qa4 Kh8 25. Nc6 Bxc6 26. Qxc6 Red7 27.
Rc1 Rd6 28. Qa4 R6d7 29. Rc3 g6 30. Qc2 Kg7 31. Rc7 1-0

[Event "World Rapid Team 2023"]
[Site "Dusseldorf GER"]
[Date "2023.08.26"]
[Round "4.13"]
[Board "1"]
[White "Van Dael, Siem"]
[Black "Namale, Ben Nguku"]
[Result "1-0"]
[WhiteTitle "FM"]
[BlackTitle "CM"]
[WhiteElo "2285"]
[BlackElo "1967"]
[WhiteTeam "Blerickse Schaakvereniging"]
[BlackTeam "Kenya Commercial Bank Chess Club"]
[WhiteFideId "1049771"]
[BlackFideId "10800263"]
[EventDate "2023.08.26"]

1. e4 c6 2. d4 d5 3. e5 c5 4. dxc5 Nc6 5. Nf3 Bg4 6. a3 e6 7. b4 Bxf3 8. Qxf3
Nxe5 9. Bb5+ Nc6 10. Bb2 Nf6 11. Nd2 Be7 12. O-O O-O 13. c4 Qc7 14. cxd5 Nxd5
15. Ne4 f5 16. Nc3 Nxc3 17. Bxc3 e5 18. Qd5+ Kh8 19. Bxc6 bxc6 20. Bxe5 Qc8 21.
Qd4 Bf6 22. Bxf6 Rxf6 23. Rfe1 f4 24. f3 Qf8 25. Rad1 h6 26. Re4 a5 27. Rde1
axb4 28. axb4 Qf7 29. Re7 Qg6 30. Qe4 Ra2 31. Qxg6 Rxg6 32. R1e2 Ra1+ 33. Kf2
Rb1 34. R7e4 Rf6 35. Rd2 Kh7 36. g3 g5 37. gxf4 gxf4 38. Kg2 Rb3 39. Rdd4 Rg6+
40. Kf2 Rb2+ 41. Re2 Rxe2+ 42. Kxe2 Rg2+ 43. Kd3 Rxh2 44. Rxf4 Kg6 45. Rd4 Rb2
46. Kc3 Rf2 47. Rd6+ Kg5 48. Rxc6 Rxf3+ 49. Kc4 h5 50. Rc8 h4 51. Rg8+ Kf4 52.
Rf8+ Kg3 53. Rxf3+ Kxf3 54. c6 h3 55. c7 1-0